Normal view
MARC view
Entry Personal Name
001 - CONTROL NUMBER
- control field: 20457
003 - CONTROL NUMBER IDENTIFIER
- control field: ARRUPE
005 - DATE AND TIME OF LATEST TRANSACTION
- control field: 20151022121940.0
008 - FIXED-LENGTH DATA ELEMENTS
- fixed length control field: 151022|| aca||aabn | a|a d
040 ## - CATALOGING SOURCE
- Original cataloging agency: ARRUPE
- Transcribing agency: ARRUPE
100 ## - HEADING--PERSONAL NAME
- Personal name: Kiyimba, Kizito
670 ## - SOURCE DATA FOUND
- Source citation: Work cat.: (ARRUPE)1478: Kiyimba, Kizito, Michael Polanyi's theory of tacit knowledge: An epistemology of skill in science/